Political marketing: theory and concepts
Guardat en:
| Autor principal: | |
|---|---|
| Format: | Llibre |
| Idioma: | anglès |
| Publicat: |
Sage Publications,
2013.
|
| Etiquetes: |
Afegir etiqueta
Sense etiquetes, Sigues el primer a etiquetar aquest registre!
|
MARC
| LEADER | 00000nam a22000007a 4500 | ||
|---|---|---|---|
| 008 | 210126b ||||| |||| 00| 0 eng d | ||
| 020 | |a 978-0-85702-581-4 | ||
| 100 | |a ORMROD, Robert P. | ||
| 245 | |a Political marketing: |b theory and concepts |c Robert P. Ormrod, Stephan C. M. Henneberg and Nicholas J. O’Shaughnlessy. |e (Advanced marketing series). |g ix, 209p.; ill. | ||
| 260 | |b Sage Publications, |c 2013. |h Los Angeles: |i 693385 |i 693386 |l JF2112 .C3Or5 |m Campaign management. |m Marketing. | ||
| 500 | |a “It includes references and index”. | ||
| 942 | |a lcc |c BK |e Adeniran, F. A |f 26/01/2021 | ||
| 952 | |0 0 |1 0 |2 lcc |4 0 |6 JF2112 C3 O R5 |7 0 |9 1957 |a HOL |b HOL |c GJ |d 2021-01-26 |l 0 |o JF2112 .C3Or5 |p 2021-5819 |r 2021-01-26 00:00:00 |w 2021-01-26 |y BK | ||
| 952 | |0 0 |1 0 |2 lcc |4 0 |6 JF2112 C3 O R5 |7 0 |9 1958 |a HOL |b SSL |c GJ |d 2021-01-26 |l 0 |o JF2112 .C3Or5 |p 2021-5820 |r 2021-01-26 00:00:00 |w 2021-01-26 |y BK | ||
| 999 | |c 1025 |d 1025 | ||